| 000 | 00768cab a2200253 4500 | ||
|---|---|---|---|
| 001 | ABS47720 | ||
| 008 | 090401t1992 xxu||||| |||| 00| 0 eng d | ||
| 035 | _a(Sirsi) u63232 | ||
| 041 | _aeng | ||
| 245 | _aLille at the crossroads | ||
| 260 | _c1992 | ||
| 350 | _a0 | ||
| 490 |
_aEuroProperty _vDecember 1992, 33-36(4) |
||
| 520 | _aDescribes the Euralille development in the heart of Lille city centre and the current supply of space in Lille. | ||
| 650 | _aFRANCE | ||
| 650 | _aLILLE | ||
| 650 | _aPROPERTY-COMMERCIAL PROPERTY-OFFICE PROPERTY-OFFICE PROPERTY MARKET | ||
| 650 | _aSUPPLY | ||
| 650 | _aTRANSPORT | ||
| 690 | _aPROPERTY-COMMERCIAL PROPERTY-COMMERCIAL PROPERTY MARKET | ||
| 690 | _aOVERSEAS-EUROPE | ||
| 942 | _n0 | ||
| 948 | _c04/03/1997 | ||
| 999 |
_c39319 _d39319 |
||